| 000 | 00963nam a22003017a 4500 | ||
|---|---|---|---|
| 001 | 000725 | ||
| 003 | DO-SdBNP | ||
| 005 | 20180213144741.0 | ||
| 007 | 000725 | ||
| 008 | 161122b 1997 sp a ||||| |||| 00| 0 spa d | ||
| 020 | _a8434840987 | ||
| 040 |
_aBPMSU _bspa _cBPMSU |
||
| 082 |
_axxxx _bxxxx |
||
| 100 | 1 |
_aLalana, Fernando, _d1958- |
|
| 245 | 1 | 0 |
_aSilvia y la máquina qué / _cFernando Lalana y José María Almárcegui ; ilustraciones de Gonzalo Izquierdo. |
| 250 | _a8a ed. | ||
| 260 |
_aMadrid : _bSM, _c1997. |
||
| 300 |
_a200 p. : _bil. ; _c21 cm. |
||
| 490 | 1 |
_aEl barco de vapor. Serie naranja _v83 |
|
| 500 | _a"A partir de 9 años" | ||
| 586 | _a"Premio el Barco de Vapor." | ||
| 700 | 1 | 2 |
_aAlmárcegui, José María, _d1960- |
| 700 | 1 | 2 |
_aIzquierdo, Gonzalo, _d1967- _eil. |
| 830 | 0 |
_aBarco de vapor. Serie naranja ; _v83 |
|
| 942 |
_2ddc _cBK |
||
| 945 | _aInventariado, 2018 / YL | ||
| 956 |
_2LOPEREZ _310 _620161122 _8BPMSU _a00041 |
||
| 999 |
_c12032 _d12032 |
||